[Event "Najdorf Memorial Open"]
[Site "Warsaw POL"]
[Date "2008.08.05"]
[Round "4"]
[White "AlHuwar,J"]
[Black "Przedmojski,R"]
[Result "1/2-1/2"]
[WhiteElo "2260"]
[BlackElo "2397"]

1.Nf3 d5 2.g3 c6 3.Bg2 Bf5 4.O-O Nd7 5.d3 Ngf6 6.c4 e6 7.Nc3 h6 8.cxd5 cxd5
9.e4 dxe4 10.dxe4 Bh7 11.e5 Ne4 12.Qe2 Nxc3 13.bxc3 a6 14.Rd1 Qc7 15.Nd4 Nc5
16.Be3 Be7 17.Qc4 O-O 18.Nc6 bxc6 19.Bxc5 Bxc5 20.Qxc5 Qa7 21.Qc4 Rab8 22.Rd6 Rb2
23.Rf1 Bb1 24.Rxc6 Bxa2 25.Qa4 Qb8 26.Qd4 a5 27.Be4 Re2 28.Rd6 Bb3 29.Rb6 Qd8
30.Rd6 Qc7 31.Bd3 Ra2 32.c4 Bc2 33.Be2 Bf5 34.Bf3  1/2-1/2

[Event "95th ch-GBR"]
[Site "Liverpool ENG"]
[Date "2008.08.06"]
[Round "9"]
[White "Davies,Ni"]
[Black "Gormally,D"]
[Result "1/2-1/2"]
[WhiteElo "2478"]
[BlackElo "2504"]

1.g3 d5 2.Nf3 Nf6 3.Bg2 c6 4.O-O Bg4 5.c4 e6 6.cxd5 exd5 7.d3 Be7 8.Qc2 O-O
9.e4 Na6 10.a3 Nc5 11.Ne5 Bh5 12.Nc3 Ne6 13.Nf3 dxe4 14.dxe4 Bxf3 15.Bxf3 Nd4
16.Qd1 Nxf3+ 17.Qxf3 Nd7 18.Rd1 Qc8 19.Bf4 Bf6 20.Rac1 Ne5 21.Qe2 Qe6 22.Kg2 Ng6
23.Bd2 Rfe8 24.f3 Bxc3 25.Bxc3 f5 26.Re1 fxe4 27.Qxe4 Qf7 28.Qg4 Rad8 29.Rxe8+ Rxe8
30.Re1 Rxe1 31.Bxe1 h6  1/2-1/2

[Event "Petrovskaya Ladya Open"]
[Site "Peterhof RUS"]
[Date "2008.08.06"]
[Round "5"]
[White "Zhidkov,V"]
[Black "Skurygin,A"]
[Result "0-1"]
[WhiteElo "2346"]
[BlackElo "2252"]

1.Nf3 d5 2.g3 c6 3.Bg2 Nf6 4.b3 Bf5 5.Bb2 h6 6.O-O e6 7.d3 Be7 8.Nbd2 O-O
9.Ne5 Bh7 10.e4 Nbd7 11.f4 dxe4 12.Nxe4 Nc5 13.Nxf6+ Bxf6 14.d4 Ne4 15.Qe2 Nd6
16.c4 Re8 17.Rad1 Qc7 18.Bc3 Rad8 19.Rfe1 Be7 20.Qh5 Bf8 21.Qe2 c5 22.dxc5 Qxc5+
23.Bd4 Qc7 24.Qf2 Nc8 25.Kh1 Bb4 26.Rf1 a6 27.Bf3 f6 28.Ng4 Bg6 29.Qb2 h5
30.Ne3 Bf7 31.Qe2 Ne7 32.Bxh5 Bxh5 33.Qxh5 Qc6+ 34.Qf3 Qxf3+ 35.Rxf3 Nc6
36.Bb6 Rxd1+ 37.Nxd1 e5 38.fxe5 Nxe5 39.Re3 Kf7 40.Kg2 Re7 41.Re2 Rd7 42.Ne3 Rd3
43.Nd5 Bf8 44.Ba5 b5 45.cxb5 Rxd5  0-1

[Event "Timisoara Cup GM"]
[Site "Timisoara ROM"]
[Date "2008.08.06"]
[Round "7"]
[White "Kovacevic,Bl"]
[Black "Doncea,V"]
[Result "0-1"]
[WhiteElo "2473"]
[BlackElo "2455"]

1.g3 d5 2.Nf3 Nf6 3.Bg2 c5 4.O-O Nc6 5.d4 e6 6.c4 Be7 7.cxd5 exd5 8.Nc3 O-O
9.dxc5 Bxc5 10.a3 a5 11.Bg5 d4 12.Ne4 Be7 13.Bxf6 Bxf6 14.Qd2 Be6 15.Rac1 Bd5
16.Ne1 Be7 17.Nd3 f5 18.Nec5 Bxg2 19.Kxg2 b6 20.Na4 Qd5+ 21.Kg1 Qb5 22.b3 Bxa3
23.Rc4 Rad8 24.Qa2 Be7 25.b4 Kh8 26.bxa5 bxa5 27.Nac5 Nb4 28.Nxb4 axb4 29.Qa6 Qxa6
30.Nxa6 Ra8 31.Rc6 Rf6 32.Rxf6 gxf6 33.Nc7 Ra2 34.Nd5 b3 35.Rc1 b2  0-1

[Event "Timisoara Cup IM"]
[Site "Timisoara ROM"]
[Date "2008.08.06"]
[Round "7"]
[White "Voiteanu,G"]
[Black "Nemes,S"]
[Result "0-1"]
[WhiteElo "2251"]
[BlackElo "2273"]

1.Nf3 d5 2.g3 Nf6 3.Bg2 c6 4.O-O Bf5 5.d4 h6 6.c4 e6 7.Qb3 Qb6 8.Nc3 Be7
9.c5 Qa6 10.Bf4 b6 11.cxb6 axb6 12.Bxb8 Rxb8 13.Ne5 Rc8 14.Rfc1 O-O 15.Na4 c5
16.Nxb6 c4 17.Nxc8 cxb3 18.Nxe7+ Kh7 19.Bf1 bxa2 20.e4 Qb7 21.exf5 Qxe7 22.fxe6 fxe6
23.Bd3+ Ne4 24.Rc5 Qb7 25.Rxa2 Qb3 26.Bxe4+ dxe4 27.Ra7 Qd1+ 28.Kg2 Qxd4  0-1

[Event "WCh-Junior"]
[Site "Gaziantep TUR"]
[Date "2008.08.07"]
[Round "6"]
[White "Sengupta,D"]
[Black "Potapov,P"]
[Result "1/2-1/2"]
[WhiteElo "2454"]
[BlackElo "2418"]

1.Nf3 d5 2.g3 Nf6 3.Bg2 c6 4.O-O Bf5 5.d3 e6 6.Nbd2 h6 7.Re1 Be7 8.b3 O-O
9.Bb2 Bh7 10.a3 Nbd7 11.e4 dxe4 12.dxe4 Nc5 13.Nd4 Qc7 14.Qe2 Rad8 15.Rad1 a5
16.e5 Nd5 17.Nf1 Qb6 18.Rd2 Rd7 19.Ne3 Nxe3 20.Qxe3 Rfd8 21.Red1 Na6 22.h4 Bc5
23.Qf4 Nc7 24.h5 Nb5 25.Nxb5 Bxf2+ 26.Kh2 Rxd2 27.Rxd2 Rxd2 28.Qxd2 cxb5
29.Bc3 a4 30.b4 Bf5 31.Qe2 Qe3 32.Qxe3 Bxe3 33.Bb2 Bxc2 34.Bxb7 Bd1 35.Bc6 Be2
36.Kg2 Kf8 37.Bf3 Bd3 38.Bc6 Be2 39.Bf3 Bc4 40.Bd1 Bd5+ 41.Kf1 Ke7 42.Ke2 Bb6
43.Kd3 Bf2 44.g4 Kd7 45.Bd4 Bg3 46.Ke3 Kc6 47.Be2 Bh4 48.Kd2 f6 49.Kc3 Bg5
50.Bd1 Bg2 51.Be2 Be4 52.Kb2 Bh4 53.Bc3 fxe5 54.Bxe5 Bf6 55.Bxf6 gxf6 56.Kc3 e5
57.Kd2 Bd5 58.Ke3 Bc4 59.Bf3+ Kd6 60.Be4 Be6 61.Bf3 Bd7 62.Kd3 Bc6 63.Be2 Ke6
64.Ke3 f5 65.gxf5+ Kxf5 66.Bd3+ Kg4 67.Bg6 Kg5 68.Bf7 Kf6 69.Bg6 Bd5 70.Be8 Bc4
71.Ke4 Ke6 72.Bc6 Be2 73.Be8 Bf1 74.Bg6 Bg2+ 75.Ke3 Bf1 76.Ke4 Bg2+ 77.Ke3 Bc6
78.Kd3 Kf6 79.Ke3 Kg5 80.Bf7  1/2-1/2

[Event "XVII TCh-MKD"]
[Site "Struga MKD"]
[Date "2008.08.07"]
[Round "4"]
[White "Simov,S"]
[Black "Petrov,Sa"]
[Result "0-1"]
[WhiteElo "2194"]
[BlackElo "2123"]

1.Nf3 d5 2.g3 g6 3.Bg2 Bg7 4.O-O c5 5.d3 Nc6 6.Nbd2 e5 7.e4 d4 8.h3 Nge7
9.Nh4 g5 10.Nf5 Nxf5 11.exf5 Bxf5 12.Ne4 Bxe4 13.Bxe4 h5 14.Qf3 Rc8 15.Qf5 Bf6
16.f4 exf4 17.gxf4 g4 18.Re1 Kf8 19.Bg2 b6 20.hxg4 hxg4 21.Qxg4 Ne7 22.f5 Rh4
23.Qf3 Qd6 24.Re4 Rh8 25.Bf4 Qd7 26.Rf1 Nd5 27.Qg3 Nxf4 28.Qxf4 c4 29.Re2 Rh4
30.Qg3 Rh5 31.Qg4 Rg5 32.Qh3 Kg7 33.Re4 Rh8 34.Qf3 Qa4 35.Rg4 Rh5 36.b3 Qxa2
37.bxc4 Qxc2 38.Rf2 Qc1+ 39.Rf1 Qd2 40.Rf2 Qe1+ 41.Rf1 Qe5 42.Rf4 a5 43.Qe4 Qc5
44.Rb1 Qc7 45.Kf1 Qxf4+ 46.Qxf4 Rxf5 47.Qxf5 Rxf5+ 48.Ke2 Bd8 49.Be4 Rg5
50.Bd5 Re5+ 51.Kf2 Rf5+ 52.Ke2 Rf6 53.Rb5 Be7 54.Rb1 a4 55.Rg1+ Rg6 56.Rf1 Rf6
57.Rg1+ Kf8 58.Rh1 Ke8 59.Rh8+ Bf8 60.Kd2 Rh6 61.Rg8 Rh2+ 62.Kc1 a3 63.Kb1 Rd2
64.c5 bxc5 65.Bc4 f5 66.Rg6 a2+ 67.Ka1 Be7 68.Ra6 f4 69.Rxa2 Rd1+ 70.Kb2 f3
71.Kb3 Rb1+ 72.Ka4 Bh4  0-1

[Event "Najdorf Memorial Open"]
[Site "Warsaw POL"]
[Date "2008.08.07"]
[Round "6"]
[White "AlHuwar,J"]
[Black "Jakubowski,K"]
[Result "0-1"]
[WhiteElo "2260"]
[BlackElo "2497"]

1.Nf3 d5 2.g3 c6 3.Bg2 Bg4 4.O-O Nd7 5.d3 Ngf6 6.c4 dxc4 7.dxc4 e5 8.b3 Bc5
9.Bb2 Qc7 10.Nc3 O-O 11.Qc2 Rfe8 12.Ng5 Bh5 13.Rad1 Bg6 14.Nge4 Rad8 15.Qc1 Nxe4
16.Nxe4 Bf8 17.Ba3 Bxe4 18.Bxe4 Nf6 19.Bg2 Qa5 20.Bxf8 Kxf8 21.Qc2 Qc5 22.e3 a5
23.Rd2 Rxd2 24.Qxd2 Qb4 25.Rd1 Qxd2 26.Rxd2 Ke7 27.Kf1 g5 28.h3 h5 29.Ke2 h4
30.g4 Nd7 31.Be4 Nc5 32.Bc2 f6 33.Kf3 Ra8 34.Bf5 Ra6 35.Rd1 Rb6 36.Rb1 Rb4
37.Bc2 a4 38.a3 axb3 39.Bd1 Rxc4 40.Bxb3 Rc3 41.Bg8 Rxa3 42.Bh7 Kd6 43.Rd1+ Kc7
44.Rc1 b6 45.Rc2 Ra4 46.Bf5 Nb7 47.Bh7 Nd6 48.Bg6 c5 49.Rd2  0-1

[Event "IV RC Sport Open"]
[Site "Ceska Trebova CZE"]
[Date "2008.08.08"]
[Round "1"]
[White "Misovic,J"]
[Black "Plischki,S"]
[Result "0-1"]
[WhiteElo "1986"]
[BlackElo "2402"]

1.Nf3 d5 2.g3 g6 3.Bg2 Bg7 4.O-O e5 5.d3 Ne7 6.Nbd2 O-O 7.c3 c5 8.e4 Nbc6
9.Ne1 Be6 10.Qe2 Qc7 11.Nb3 b6 12.f4 Rad8 13.Nf3 dxe4 14.dxe4 c4 15.Nbd2 exf4
16.gxf4 b5 17.Ng5 Qb8 18.f5 f6 19.Nxh7 Kxh7 20.fxg6+ Kxg6 21.Bf3 Rh8 22.Kh1 Qe5
23.Rg1+ Kf7 24.Qg2 Ng6 25.Qg3 Rh3  0-1

[Event "WCh-Junior"]
[Site "Gaziantep TUR"]
[Date "2008.08.08"]
[Round "7"]
[White "Sousa,Ri"]
[Black "Ramsurrup,P"]
[Result "1/2-1/2"]
[WhiteElo "2133"]
[BlackElo "1809"]

1.Nf3 d5 2.g3 c5 3.Bg2 Nc6 4.O-O e5 5.d3 f6 6.Nbd2 Be6 7.e4 Nge7 8.c3 Qd7
9.a3 d4 10.c4 g5 11.Rb1 Ng6 12.Qa4 a5 13.Rd1 h5 14.Nf1 h4 15.Rd2 hxg3 16.fxg3 Bh3
17.b4 cxb4 18.Rdb2 Bxg2 19.Kxg2 Ra6 20.Bd2 Bd6 21.axb4 Nxb4 22.Qxd7+ Kxd7
23.Ne1 b6 24.Kf3 Ne7 25.Kg4 Raa8 26.Bxb4 Bxb4 27.Nc2 Bc5 28.h3 Nc6 29.Nd2 Nb4
30.Nxb4 axb4 31.Nb3 Ke6 32.Rf1 Ra7 33.Rff2 Rha8 34.Rh2 Bd6 35.Rhf2 Ra3 36.Rfc2 Rc8
37.Rb1 Rc7 38.Rbb2 Ra8 39.Rb1 Bc5 40.Rbb2 Bd6 41.Rb1 Be7 42.Rf1 Rca7 43.Rff2 Ra3
44.Rb2 Rc8 45.Rfc2 Rc7 46.Rb1  1/2-1/2

[Event "95th ch-GBR"]
[Site "Liverpool ENG"]
[Date "2008.08.08"]
[Round "11"]
[White "Davies,Ni"]
[Black "Kolbus,D"]
[Result "1-0"]
[WhiteElo "2478"]
[BlackElo "2393"]

1.g3 d5 2.Nf3 Nf6 3.Bg2 c6 4.O-O g6 5.d3 Bg7 6.Nbd2 O-O 7.e4 dxe4 8.dxe4 Qc7
9.Qe2 Nfd7 10.Re1 Na6 11.e5 Ndc5 12.Nb3 Ne6 13.Bd2 Nac5 14.Qc4 Nxb3 15.axb3 Rd8
16.h4 Rxd2 17.Nxd2 Bxe5 18.c3 a6 19.Nf3 Bf6 20.Rad1 h5 21.b4 Bd7 22.Kh2 Rf8
23.Bh3 Bc8 24.Kg2 Ng7 25.Bxc8 Qxc8 26.Ne5 Bxe5 27.Rxe5 Qc7 28.Re2 Rd8 29.Qf4 Rc8
30.Qxc7 Rxc7 31.Rd8+ Kh7 32.Red2 c5 33.bxc5 Rxc5 34.R8d7 Nf5 35.Rxb7 Kg7
36.Rb6 a5 37.b4 axb4 38.cxb4 Rc7 39.b5 Nd6 40.Rb8 Kf6 41.b6 Rd7 42.Rb2 Ke6
43.Kf3 Nc4 44.Rc2 Rd4 45.Ke2 Nd6 46.Rb2 Re4+ 47.Kd3 Ra4 48.Rc8 Kd7 49.Rc7+  1-0

[Event "IV RC Sport Open"]
[Site "Ceska Trebova CZE"]
[Date "2008.08.09"]
[Round "3"]
[White "Vukovic,Ivo"]
[Black "Zeberski,J"]
[Result "0-1"]
[WhiteElo "2274"]
[BlackElo "2396"]

1.Nf3 d5 2.g3 c6 3.Bg2 Bg4 4.b3 Nd7 5.Bb2 Ngf6 6.O-O e6 7.d3 Be7 8.Nbd2 O-O
9.c4 a5 10.a3 Qb8 11.Qc2 Rc8 12.Rac1 Rc7 13.Rfe1 Qf8 14.a4 Nc5 15.Ne5 Na6
16.Nxg4 Nxg4 17.Qb1 Bb4 18.Red1 Nc5 19.Qc2 Rd8 20.Nf3 Qe7 21.h3 Nf6 22.Bd4 Nfd7
23.e4 dxe4 24.dxe4 Na6 25.e5 Nf8 26.h4 h6 27.Bf1 Rcd7 28.Be2 Bc5 29.Bxc5 Qxc5
30.Rxd7 Rxd7 31.Rd1 Qa3 32.Qc3 Nc5 33.Rxd7 Nfxd7 34.Bd1 b6 35.Qd4 Qc1 36.Kg2 Qb1
37.Qd2 Qd3 38.Bc2 Qxd2 39.Nxd2 Nxe5 40.f4 Ng4 41.Kf3 f5 42.Ke2 Nd7 43.Nf3 c5
44.Nd2 Nb8 45.Nf3 Nc6 46.Kd2 Kf7 47.Bd1 Nf6 48.Ke3 Ke7 49.Nd2 Kd6 50.Bf3 Nd4
51.Bd1 e5 52.fxe5+ Kxe5 53.Bf3 Ne8 54.Bd1 Nc7 55.Bf3 Nce6 56.Bb7 Nc2+ 57.Kd3 Ned4
58.Bc8 Nb4+ 59.Ke3 Na2 60.g4 f4+ 61.Kd3 Nb4+ 62.Kc3 f3 63.Bb7 Kf4 64.g5 hxg5
65.hxg5 f2 66.g6 Ne2+ 67.Kb2 Ng3 68.Bg2 Ke3  0-1

[Event "Arctic Chess Challenge"]
[Site "Tromso NOR"]
[Date "2008.08.09"]
[Round "8"]
[White "Kunin,V"]
[Black "Malakhatko,V"]
[Result "1-0"]
[WhiteElo "2532"]
[BlackElo "2612"]

1.Nf3 d5 2.g3 Bg4 3.Bg2 Nd7 4.d4 e6 5.O-O Bd6 6.Nbd2 c6 7.e4 Ne7 8.Re1 O-O
9.c3 Bh5 10.Qb3 Rb8 11.c4 a5 12.h3 Bc7 13.Qe3 Re8 14.b3 h6 15.Ba3 Bxf3 16.Nxf3 Nf6
17.e5 Nf5 18.Qd3 Nd7 19.Rac1 Ne7 20.Bd6 Bxd6 21.exd6 Ng6 22.h4 Nf6 23.c5 Nd7
24.a3 b5 25.Bh3 Ngf8 26.Re3 h5 27.Rce1 Nh7 28.Kh1 Qf6 29.Qd2 Ra8 30.Qe2 g6
31.Rd1 Kg7 32.Ne1 Nhf8 33.Nf3 Nh7 34.Rd2 a4 35.b4 Kg8 36.Kg1 Kg7 37.Kh1 Kg8
38.Kg2 Kg7 39.Rd1 Rab8 40.Rh1 Ra8 41.Kf1 Rab8 42.Rg1 Kh8 43.Qd2 Qg7 44.Qe2 Qf6
45.Ke1 Ra8 46.Kd2 Rab8 47.Rc1 Ra8 48.Rd1 Rab8 49.Kc3 Kg7 50.Ne1 Kh8 51.Nd3 Qg7
52.Re1 Nhf6 53.f3 Rg8 54.Qd2 Rbe8 55.Nf4 g5 56.hxg5 Qxg5 57.Ne2 Rg7 58.Kb2 Reg8
59.Rh1 Rh7 60.Qc3 Qg7 61.Bf1 Nf8 62.Rh3 Ng6 63.Nc1 Nd7 64.Bd3 Qf6 65.Ne2 Rh6
66.Bc2 Ngf8 67.f4 Qg7 68.f5 Nf6 69.Nf4 Ng4 70.Re2 Qg5 71.Qd2 exf5 72.Re7 Rh7
73.Rc7 Ne6 74.Rxc6 h4 75.Rxh4 Rxh4 76.gxh4 Qxf4 77.Qxf4 Nxf4 78.d7 Ne6 79.Rc8 Nf6
80.c6 Nxd7 81.cxd7 f4 82.Rxg8+ Kxg8 83.Bf5 Nd8 84.Kc3 Kg7 85.Bd3 Kf6 86.Bxb5 Ke7
87.Bxa4 f3 88.Kd2 Ne6 89.Ke3 f2 90.Kxf2 Nxd4 91.h5 Nf5 92.Kf3 d4 93.Bb5  1-0

[Event "Najdorf Memorial Open"]
[Site "Warsaw POL"]
[Date "2008.08.09"]
[Round "8"]
[White "AlHuwar,J"]
[Black "Moskwinski,T"]
[Result "1-0"]
[WhiteElo "2260"]
[BlackElo "2161"]

1.Nf3 d5 2.g3 e6 3.Bg2 f5 4.O-O Nf6 5.d3 Bc5 6.c4 c6 7.Qc2 Qe7 8.a3 a5 9.d4 Bd6
10.c5 Bc7 11.Nc3 Nbd7 12.Bf4 Bxf4 13.gxf4 Ne4 14.b4 O-O 15.e3 Kh8 16.Ne2 Rg8
17.Ng3 Ndf6 18.Ne5 g5 19.fxg5 Rxg5 20.f4 Rg7 21.Nxe4 Nxe4 22.Kh1 Bd7 23.Bxe4 fxe4
24.Rg1 axb4 25.Rxg7 Qxg7 26.Rg1 Qe7 27.axb4 Be8 28.Qe2 Qf6 29.Qg4 Bg6 30.Qh3 Rg8
31.Qh6 Rg7 32.Nxg6+ Rxg6 33.Rxg6 Qxg6 34.Qf8+ Qg8 35.Qf6+ Qg7 36.Qxe6 Qf8
37.Qe5+ Kg8 38.Qg5+ Kh8 39.f5 Qf7 40.Kg2 Qf8 41.Kh3 Qf7 42.Kg4 Qf8 43.f6 Qc8+
44.Kh4 Qd7 45.Kg3 Qf7 46.Kf4 Qd7 47.Qf5 Qd8 48.Qe6 Qf8 49.Kf5 Qe8 50.Qe7 Qc8+
51.Kf4 Qb8+ 52.Qe5 Qf8 53.f7+  1-0

[Event "Acropolis Open"]
[Site "Athens GRE"]
[Date "2008.08.10"]
[Round "2"]
[White "Roy Chowdhury,S"]
[Black "Makka,I"]
[Result "1-0"]
[WhiteElo "2411"]
[BlackElo "2225"]

1.Nf3 d5 2.g3 c6 3.Bg2 Bg4 4.O-O Nd7 5.d4 e6 6.Nbd2 Ngf6 7.Re1 Be7 8.c3 O-O
9.Qb3 Qb6 10.e4 Nxe4 11.Nxe4 dxe4 12.Rxe4 Bf5 13.Re1 h6 14.Bf4 Qxb3 15.axb3 a6
16.Nd2 g5 17.Be3 Nf6 18.Nc4 Rac8 19.b4 Rc7 20.Bd2 Ne8 21.h4 Kg7 22.Ra5 f6
23.hxg5 hxg5 24.Bf3 Bd8 25.Raa1 Re7 26.Re3 Rh8 27.Rae1 Kf7 28.Bc1 Rh7 29.b3 Bc2
30.Ba3 Bxb3 31.Nd2 Bd5 32.b5 Rd7 33.bxc6 bxc6 34.Bxd5 cxd5 35.Rxe6 Nc7 36.Rc6 Rh8
37.Bb4 Re8 38.Rxe8 Kxe8 39.Nb3 Be7 40.Bxe7 Rxe7 41.Rxf6 Rg7 42.Kf1 Nb5 43.Rxa6 Nxc3
44.Ra8+ Ke7 45.Rc8 Ne4 46.Nc5 Nxc5 47.Rxc5 Ke6 48.Rc3 Ra7 49.g4 Ra4 50.Rd3 Rc4
51.Ke2 Ra4 52.Ke3 Ra1 53.f3 Rb1 54.Kd2 Rb2+ 55.Ke3 Rb1 56.Ra3 Rb6 57.Kd2 Rc6
58.Ra8 Rb6 59.Rg8 Kf6 60.Rf8+ Kg6 61.Rf5 Rb5 62.Kc3 Kh6 63.Rf6+ Kg7 64.Rc6 Rb1
65.Kd3 Rd1+ 66.Ke3 Re1+ 67.Kd2 Rf1 68.Ke2 Ra1 69.Rc5 Ra2+ 70.Kd3 Ra3+ 71.Rc3 Ra2
72.Rb3 Ra5 73.Ke3 Kg6 74.f4 gxf4+ 75.Kxf4 Kf6 76.Rb6+ Ke7 77.Ke5 Kf7 78.g5 Kg7
79.Rd6 Ra1 80.Rxd5 Ra6 81.Kf5 Ra7 82.Rd6 Rb7 83.d5 Ra7 84.Re6 Ra1 85.Re7+ Kf8
86.d6 Ra5+ 87.Kf6 Rd5 88.Ke6 Rxg5 89.Rf7+ Kg8 90.d7 Rg6+ 91.Rf6  1-0

[Event "ch-Euro Seniors"]
[Site "Davos SUI"]
[Date "2008.08.10"]
[Round "2"]
[White "Clemens,C"]
[Black "Akvist,H"]
[Result "0-1"]
[WhiteElo "2307"]
[BlackElo "2135"]

1.g3 d5 2.Nf3 Nf6 3.Bg2 Bf5 4.b3 h6 5.Bb2 e6 6.d3 Be7 7.Nbd2 O-O 8.O-O Nbd7
9.c4 c6 10.a3 a5 11.Qc2 Qb8 12.Rfb1 b5 13.Nd4 Rc8 14.Nxf5 exf5 15.Bh3 Ng4
16.e4 Qa7 17.Rf1 Bc5 18.Bxg4 fxg4 19.b4 Bd4 20.c5 Bxb2 21.Qxb2 Nf6 22.e5 Nh7
23.h4 Qd7 24.Rfe1 Re8 25.Qd4 Qf5 26.bxa5 Rxa5 27.Nb3 Ra4 28.Qe3 Nf8 29.Nd4 Qd7
30.Reb1 Rea8 31.Rb3 Ne6 32.Nxe6 Qxe6 33.d4 Qf5 34.Rc1 Kf8 35.Rcc3 Ke7 36.Rc1 Kd7
37.Rcc3 Kc7 38.Rc1 R8a7 39.Rcc3 Qe4 40.Rd3 b4  0-1

[Event "IV RC Sport Open"]
[Site "Ceska Trebova CZE"]
[Date "2008.08.11"]
[Round "5"]
[White "Voloshin,L"]
[Black "Semcesen,D"]
[Result "1/2-1/2"]
[WhiteElo "2449"]
[BlackElo "2387"]

1.Nf3 d5 2.g3 Bg4 3.Bg2 Nd7 4.c4 e6 5.d4 c6 6.Qb3 Qb6 7.Nc3 Ngf6 8.O-O Be7
9.c5 Qxb3 10.axb3 O-O 11.b4 a6 12.Bf4 Rfe8 13.Nd2 Bh5 14.Nb3 Rec8 15.f3 Bd8
16.e4 Bg6 17.Bd6 Ne8 18.Rfe1 Bc7 19.e5 Bc2 20.Ra3 Bxb3 21.Rxb3 Nxd6 22.exd6 Bd8
23.f4 Bf6 24.Rd1 h5 25.Bf1 g6 26.Ra3 Bg7 27.Kf2 f5 28.Ke3 Kf7 29.h4 Rab8
30.Be2 Bf6 31.Rda1 Bd8 32.Rxa6 bxa6 33.Bxa6 Ke8 34.Bxc8 Rxc8 35.Ra7 Bf6 36.Kd3 Bd8
37.b5 cxb5 38.b4 Rb8 39.c6 Nf6 40.Rg7 Kf8 41.c7 Bxc7 42.Rxc7 Rb6 43.Rc8+ Kf7
44.Rc7+ Kf8 45.Rc8+ Kf7 46.Rd8 Rb7 47.Rc8 Rb6  1/2-1/2

[Event "Alan Benson IM"]
[Site "San Francisco USA"]
[Date "2008.08.11"]
[Round "1"]
[White "Naroditsky,D"]
[Black "Aigner,M USA"]
[Result "1/2-1/2"]
[WhiteElo "2313"]
[BlackElo "2234"]

1.Nf3 d5 2.g3 Bg4 3.Bg2 Nd7 4.d4 e6 5.O-O Bd6 6.Nbd2 Bxf3 7.Bxf3 f5 8.c4 c6
9.Qb3 Rb8 10.Bg2 Ngf6 11.f3 f4 12.c5 Bc7 13.gxf4 Bxf4 14.Ne4 Bxc1 15.Nd6+ Ke7
16.Raxc1 Ne8 17.Nxe8 Rxe8 18.e4 Nf6 19.Qe3 Kf8 20.Rcd1 Kg8 21.Qg5 g6 22.Kh1 Nh5
23.Qg4 Qf6  1/2-1/2

[Event "VII Open"]
[Site "Ortigueira ESP"]
[Date "2008.08.12"]
[Round "3"]
[White "Corral Sierra,J"]
[Black "Chao Franco,J"]
[Result "0-1"]
[WhiteElo "2114"]
[BlackElo "1695"]

1.Nf3 d5 2.g3 c6 3.Bg2 Nf6 4.O-O Bg4 5.d3 e6 6.c4 Nbd7 7.b3 Be7 8.Bb2 O-O
9.Nbd2 Qc7 10.h3 Bh5 11.Rc1 Rfe8 12.Qc2 Bg6 13.Nh4 Rad8 14.Nxg6 hxg6 15.d4 Qa5
16.a3 dxc4 17.Nxc4 Qc7 18.b4 a6 19.Na5 Nd5 20.Rfd1 Qb6 21.e3 Bf6 22.e4 Nc7
23.Nc4 Qa7 24.a4 Nb6 25.Na5 Nba8 26.Nb3 Be7 27.Nc5 Bf6 28.f4 Be7 29.g4 Bxc5
30.dxc5 Qb8 31.g5 Rxd1+ 32.Rxd1 Rd8 33.Rd6 Ne8 34.Rd3 Kf8 35.Be5 Qc8 36.Qd2 Rxd3
37.Qxd3 f6 38.Bb2 Ke7 39.Bf3 Nac7 40.h4 Qd7 41.Qc3 f5 42.Kf2 fxe4 43.Bxe4 Nd5
44.Qd2 Kf7 45.Bc2 Qc7 46.Be4 Qxf4+ 47.Qxf4+ Nxf4 48.b5 axb5 49.axb5 cxb5
50.Ke3 Nd5+ 51.Kd4 Nec7 52.Ke5 b4 53.Kd6 Ne8+ 54.Kd7 Nec7 55.Kc8 b6 56.cxb6 Nb5
57.Bxd5  0-1

[Event "ch-Euro Seniors"]
[Site "Davos SUI"]
[Date "2008.08.13"]
[Round "5"]
[White "Clemens,C"]
[Black "Ziltener,W"]
[Result "0-1"]
[WhiteElo "2307"]
[BlackElo "2119"]

1.g3 d5 2.Nf3 c6 3.Bg2 Nf6 4.b3 Bg4 5.Bb2 Nbd7 6.c4 e6 7.O-O Bd6 8.d3 O-O
9.Nbd2 e5 10.e4 d4 11.h3 Be6 12.Nh4 g6 13.Bc1 Nh5 14.Ndf3 f6 15.Bh6 Rf7 16.g4 Ng7
17.Qd2 Bf8 18.Rae1 Qe7 19.g5 Qb4 20.gxf6 Qxd2 21.Bxd2 Rxf6 22.Nh2 Nh5 23.Bg5 Rf7
24.f4 Nxf4 25.Bxf4 exf4 26.N4f3 h6 27.Nxd4 Bc5 28.Nf3 Ne5 29.Kh2 Nxf3+ 30.Nxf3 Rd8
31.Rd1 Bd4 32.Nxd4 Rxd4 33.Rg1 g5 34.Rd2 f3 35.Bf1 Rf4 36.Kg3 Bf7 37.h4 Bh5
38.hxg5 Rg4+ 39.Kf2 Rxg1 40.Kxg1 hxg5 41.Kf2 Kf7 42.c5 g4 43.Ke3 Rd8 44.Kf4 Rg8
45.Kg3 Kf6 46.d4 Bf7 47.Kf4 Be6 48.Bc4 Rg7 49.d5 cxd5 50.exd5 Bd7 51.c6 Bc8
52.Kg3 Ke5 53.Rh2 bxc6 54.dxc6 Kd6 55.Rh6+ Kc7 56.b4 Bf5 57.b5 Bc2 58.Rh2 Bf5
59.a4 Kb6 60.Rh8 Kc5 61.Bf1 Kb4 62.Rf8 Be6 63.Rf4+ Ka5 64.Re4 Bf5 65.Re5 Bc8
66.Bd3 Kxa4 67.Re8 Rc7 68.Rf8 Ka5 69.Bf5 Bxf5 70.Rxf5 Rg7 71.Rd5 Kb6 72.Rf5 a6
73.bxa6 Kxa6 74.Rc5 Kb6 75.Rc1 Kc7 76.Rc2 Rg6 77.Rc4 Rg5 78.Rc1 Rg6 79.Rc4 Rg7
80.Rc1 Rg8 81.Rc2 Rg6 82.Rc4 Rf6 83.Rc2 Rxc6 84.Rh2 Rg6 85.Rd2 Kc6 86.Rd1 Kc5
87.Rd2 Kc4 88.Rd1 Kc3 89.Rd8 Kc2 90.Rc8+ Kd2 91.Rd8+ Ke2 92.Ra8 Re6 93.Ra2+ Kf1
94.Kxg4 f2 95.Ra3 Rg6+ 96.Kf4 Kg1  0-1

[Event "WCh-Junior Girls"]
[Site "Gaziantep TUR"]
[Date "2008.08.13"]
[Round "11"]
[White "Gomes,Mary"]
[Black "Borosova,Z"]
[Result "1-0"]
[WhiteElo "2316"]
[BlackElo "2254"]

1.Nf3 d5 2.g3 Nf6 3.Bg2 c6 4.O-O Bg4 5.d3 Nbd7 6.Nbd2 e5 7.e4 dxe4 8.dxe4 Be7
9.Qe2 Qc7 10.b3 O-O 11.Bb2 Rfe8 12.Nc4 Bf8 13.h3 Bxf3 14.Bxf3 Nc5 15.a4 a5
16.Bg2 Nfd7 17.Rad1 Nb6 18.Ne3 Ne6 19.Qg4 Rad8 20.Kh1 Rxd1 21.Rxd1 Rd8 22.Rxd8 Nxd8
23.f4 exf4 24.gxf4 g6 25.f5 Bg7 26.f6 Bf8 27.Bf1 Qd7 28.Qxd7 Nxd7 29.e5 Bh6
30.Nc4 Bf4 31.Kg2 b6 32.Kf3 g5 33.Bd4 c5 34.Bb2 Nc6 35.Ke4 Kf8 36.Be2 h6
37.Bg4 Ncb8 38.Kd5 Bg3 39.Nd6 Kg8 40.Bh5  1-0

[Event "Independence Cup A"]
[Site "Kyiv UKR"]
[Date "2008.08.13"]
[Round "10"]
[White "Stavroyany,S"]
[Black "Karnaukh,A"]
[Result "1-0"]
[WhiteElo "2236"]
[BlackElo "2269"]

1.g3 d5 2.Nf3 Nf6 3.Bg2 c6 4.O-O Bf5 5.d3 h6 6.b3 e6 7.Bb2 Nbd7 8.Nbd2 Bh7
9.Re1 Bc5 10.e4 dxe4 11.dxe4 O-O 12.Qe2 Qc7 13.Rad1 Rfd8 14.a3 a5 15.e5 Nd5
16.Ne4 Bf8 17.c4 N5b6 18.Nd6 Nc8 19.Nd4 Nc5 20.b4 Na4 21.c5 Nxb2 22.Qxb2 axb4
23.axb4 Nxd6 24.exd6 Qd7 25.f4 Bf5 26.h3 Ra4 27.Ra1 Rda8 28.Rxa4 Rxa4 29.Ra1 Rxa1+
30.Qxa1 e5 31.Nxf5 Qxf5 32.Qxe5 Qe6 33.Qd4 Qd7 34.Qa1 g5 35.fxg5 hxg5 36.Qa5 Qe6
37.Qc7 Qe5 38.Kh2 g4 39.h4 Bh6 40.Qc8+ Kh7 41.Qxg4 f5 42.Qh5 Kg7 43.d7 Qf6
44.Qe8 f4 45.d8=Q fxg3+ 46.Kg1 Be3+ 47.Qxe3 Qxd8 48.Qxg3+  1-0

[Event "XXI Virxe Peregrina Open"]
[Site "Pontevedra ESP"]
[Date "2008.08.13"]
[Round "4"]
[White "Rodriguez Lopez,Ra"]
[Black "Carrera Perez,F"]
[Result "1-0"]
[WhiteElo "2312"]
[BlackElo "2266"]

1.g3 d5 2.Nf3 Bg4 3.Bg2 c6 4.O-O e6 5.b3 Nd7 6.Bb2 Ngf6 7.d3 Bc5 8.Nbd2 O-O
9.h3 Bxf3 10.Nxf3 Qe7 11.a3 a5 12.c4 Rfe8 13.e3 Nf8 14.Qd2 Ng6 15.Rfc1 Bd6
16.Nd4 Qd7 17.cxd5 exd5 18.b4 a4 19.Bc3 h5 20.Nf3 h4 21.Bxf6 gxf6 22.Nxh4 Nxh4
23.gxh4 Kh7 24.Qd1 Qf5 25.Qf3 Qe5 26.d4 Qe6 27.Kh1 Rg8 28.Bf1 Qe4 29.Qxe4+ dxe4
30.Bc4 Rg7 31.Rg1 Rh8 32.Rxg7+ Kxg7 33.Rg1+ Kf8 34.Rg4 f5 35.Rg5 Rxh4 36.Rxf5 Rxh3+
37.Kg2 Rh2+ 38.Kf1 Rh1+ 39.Ke2 b5 40.Bxf7 Ra1 41.Bd5+ Ke7 42.Bxc6 Rxa3 43.Bxe4 Rb3
44.Rxb5 Bxb4 45.Bd5 Rb2+ 46.Kd3 a3 47.f4 Rd2+ 48.Ke4 Bd6 49.Rb7+ Kf6 50.Rf7+ Kg6
51.Ra7 Kf6 52.Ra6 Ke7 53.Kf5 Bb4 54.Ke5 Rd3 55.Ra7+ Kd8 56.Ke4 Rd2 57.f5 Bd6
58.f6 Rf2 59.f7  1-0

[Event "Open"]
[Site "Ptuj SLO"]
[Date "2008.08.13"]
[Round "6"]
[White "Kukovec,B"]
[Black "Kolar,Dr"]
[Result "1-0"]
[WhiteElo "2228"]
[BlackElo "1902"]

1.Nf3 d5 2.g3 Nf6 3.Bg2 Bf5 4.b3 e6 5.O-O Be7 6.Bb2 O-O 7.d3 Nbd7 8.Nbd2 c6
9.c4 Qb6 10.Qc2 h6 11.a3 a5 12.Bc3 Bc5 13.Qb2 Ng4 14.d4 Be7 15.c5 Qb5 16.Rfe1 Qa6
17.b4 a4 18.h3 Ngf6 19.Ne5 Nxe5 20.dxe5 Ne8 21.Bf1 Qa7 22.Bd4 Nc7 23.e3 f6
24.f4 fxe5 25.Bxe5 Bf6 26.Rad1 Rad8 27.Nf3 Rde8 28.Kh2 Be4 29.Nd2 Bg6 30.e4 Nb5
31.exd5  1-0

[Event "ch-Euro Seniors"]
[Site "Davos SUI"]
[Date "2008.08.14"]
[Round "6"]
[White "Schaad,P"]
[Black "Vollmer,O"]
[Result "0-1"]
[WhiteElo "1996"]
[BlackElo "2050"]

1.Nf3 d5 2.g3 Nf6 3.Bg2 c5 4.d3 Nc6 5.Nbd2 e6 6.O-O Be7 7.e4 O-O 8.Re1 dxe4
9.dxe4 e5 10.c3 h6 11.Qc2 Be6 12.b3 Rc8 13.Bb2 Qc7 14.Rad1 b5 15.Bf1 Qb6
16.Nb1 a5 17.Bc1 b4 18.Bg2 bxc3 19.Nxc3 Nd4 20.Qb2 Bg4 21.Nxe5 Bxd1 22.Rxd1 Rfd8
23.Nc4 Qa7 24.e5 Ne8 25.f4 Qb8 26.Nxa5 Qb4 27.Nc4 Qxc3 28.Qf2 Nxb3 29.Rxd8 Rxd8
30.axb3 Qxc1+ 31.Bf1 Qc3 32.Qa2 Qf3 33.Qa7 Rd1  0-1

[Event "Open"]
[Site "Ptuj SLO"]
[Date "2008.08.14"]
[Round "7"]
[White "Kovacevic,Bl"]
[Black "Markus,Rob"]
[Result "1/2-1/2"]
[WhiteElo "2473"]
[BlackElo "2572"]

1.g3 d5 2.Nf3 c6 3.Bg2 Bg4 4.c4 Nd7 5.cxd5 cxd5 6.Nc3 e6 7.Qa4 Bxf3 8.Bxf3 a6
9.O-O b5 10.Qd1 Ngf6 11.d3 Be7 12.Bg2 O-O 13.e4 dxe4 14.dxe4 Rc8 15.Qe2 Qc7
16.Re1 Bd6 17.Be3  1/2-1/2

[Event "Alan Benson IM"]
[Site "San Francisco USA"]
[Date "2008.08.14"]
[Round "4"]
[White "Naroditsky,D"]
[Black "Lobo,Ri1"]
[Result "1-0"]
[WhiteElo "2313"]
[BlackElo "2261"]

1.Nf3 d5 2.g3 Nf6 3.Bg2 c6 4.O-O Bf5 5.d3 h6 6.c4 dxc4 7.dxc4 Qxd1 8.Rxd1 e6
9.Bf4 Nbd7 10.Nc3 Be7 11.Rac1 g5 12.Be3 a5 13.h3 Bh7 14.Na4 O-O 15.h4 g4
16.Nd4 Kg7 17.Nb3 e5 18.Nbc5 Nxc5 19.Nxc5 Rfb8 20.Rd2 Bf5 21.Rcd1 a4 22.Nd3 Nd7
23.a3 Be6 24.Rc1 Ra5 25.Rdd1 h5 26.f4 f6 27.fxe5 fxe5 28.Bd2 Ra6 29.Bc3 Bf6
30.Nb4 Rb6 31.Be1 c5 32.Nd3 Rb3 33.Bc3 Kf7 34.Nf2 Ke7 35.Ne4 Bg7 36.Rc2 Bh6
37.Bd2 Bxd2 38.Rcxd2 b6 39.Nc3 Nf6 40.Bc6 Bxc4 41.Bxa4 b5 42.Bxb3 Bxb3 43.Rf1 b4
44.axb4 cxb4 45.Nd1 Rc8 46.Ne3 Ne4 47.Rd3 Be6 48.Nf5+ Bxf5 49.Rxf5 Ke6 50.Rxh5 Rc1+
51.Kg2 Rc2 52.Re3 Kd5 53.Rh8 Kd4 54.Rd3+ Kc4 55.Rc8+ Nc5 56.b3+ Kb5 57.Rd5 e4
58.Rcxc5+  1-0